Defense, science, and public policy

Đã lưu trong:
Sonraí Bibleagrafaíochta
Príomhúdar: Mansfield, Edwin
Formáid: Leabhar
Teanga:Undetermined
Foilsithe: New York W.W. Norton and Company 1968
Ábhair:
Clibeanna: Cuir Clib Leis
Gan Chlibeanna, Bí ar an gcéad duine leis an taifead seo a chlibeáil!
Thư viện lưu trữ: Trung tâm Học liệu Trường Đại học Cần Thơ
LEADER 00489nam a2200181Ia 4500
001 CTU_78989
008 210402s9999 xx 000 0 und d
082 |a 355.622 
082 |b M287 
100 |a Mansfield, Edwin 
245 0 |a Defense, science, and public policy 
245 0 |c Edwin Mansfield 
260 |a New York 
260 |b W.W. Norton and Company 
260 |c 1968 
650 |a Financial 
650 |x Adtraminations 
980 |a Trung tâm Học liệu Trường Đại học Cần Thơ